000 00623nam a2200241Ia 4500
003 OSt
005 20220918200921.0
006 a|||||r|||| 00| 0
007 ta
008 220917b |||||||| |||| 00| 0 eng d
024 _a90,822
037 _cTextual
040 _aARTS
_cARTS
_beng
041 _2eng
_aeng
082 _aU8:72:N5, K0
100 _aWinter Gordon
_996026
245 0 _aOurselves in Canada
260 _aNA
_bNA
_c1960
650 _aGEOGRAPHY
700 _a Winter Elspeth
_996027
942 _hU8:72:N5, K0
_cTEXL
_2CC
999 _c214482
_d214482